Clock-wise Borders of Land-locked European Countries - Statistics

General Stats
  • This quiz has been taken 179 times
  • The average score is 30 of 44
Answer Stats
ANSWER % Correct
Czech Republic
97%
Hungary
95%
Slovakia
95%
Italy
85%
Slovenia
85%
Switzerland
84%
Liechtenstein
82%
Ukraine
77%
Austria
76%
Poland
76%
Latvia
75%
Poland
75%
Slovakia
75%
Lithuania
74%
Liechtenstein
73%
Poland
72%
Austria
71%
France
67%
Italy
67%
Bulgaria
66%
Romania
66%
Kosovo
65%
Montenegro
65%
Bosnia and Herzegovina
64%
Ukraine
64%
Albania
63%
Austria
63%
Croatia
63%
Hungary
63%
Macedonia
63%
Macedonia
63%
Switzerland
61%
Austria
60%
Austria
60%
Montenegro
60%
Romania
60%
Serbia
60%
Slovenia
60%
Ukraine
60%
Croatia
59%
Serbia
59%
Greece
57%
Albania
56%
Bulgaria
56%
No matching quizzes found
Score Distribution
Percent of People with Each Score
Percentile by Number Answered
Your Score History
You have not taken this quiz